Statistics for Canadian Provinces By GDP

Click here to take the quiz!

General Stats

  • This quiz has been taken 38 times
  • The average score is 11 of 13

Answer Stats

GDP (million CAD)Province% Correct
794,835Ontario
100%
394,819Quebec
97%
263,706British Columbia
94%
314,944Alberta
92%
75,261Saskatchewan
89%
67,863Manitoba
86%
41,726Nova Scotia
86%
2,443Nunavut
86%
2,800Yukon
83%
34,224New Brunswick
81%
4,739Northwest Territories
81%
6,321Prince Edward Island
81%
31,112Newfoundland and Labrador
72%

Score Distribution

Percentile by Number Answered

Percent of People with Each Score

Your Score History

You have not taken this quiz